[Event "Vecindario Montalvo Memorial 15th"]
[Site "Vecindario"]
[Date "2023.04.03"]
[Round "3"]
[White "Segura Acosta, Rafael"]
[Black "Guerra Aleman, Marcial"]
[Result "1/2-1/2"]
[WhiteElo "1212"]
[BlackElo "1622"]
[PlyCount "29"]
[EventDate "2023.04.02"]
[EventType "swiss"]
[EventRounds "9"]
[EventCountry "ESP"]
[SourceTitle "CBM 213 Extra"]
[Source "ChessBase"]
[SourceDate "2023.05.31"]
[SourceVersion "1"]
[SourceVersionDate "2023.05.31"]
[SourceQuality "1"]

1. c4 c5 2. Nc3 Nc6 3. g3 g6 4. Bg2 Bg7 5. e4 d6 6. Nge2 h5 7. 0-0 Rb8 8. d3 a6 9. h3 b5 10. f4 e5 11. b3 Nge7 12. Rb1 0-0 13. Be3 Nd4 14. Nd5 Nxd5 15. cxd5 1/2-1/2

[Event "Vecindario Montalvo Memorial 15th"]
[Site "Vecindario"]
[Date "2023.04.02"]
[Round "1"]
[White "Segura Acosta, Rafael"]
[Black "Guerrero Orihuela, Jose Luis"]
[Result "0-1"]
[WhiteElo "1212"]
[BlackElo "1862"]
[PlyCount "82"]
[EventDate "2023.04.02"]
[EventType "swiss"]
[EventRounds "9"]
[EventCountry "ESP"]
[SourceTitle "CBM 213 Extra"]
[Source "ChessBase"]
[SourceDate "2023.05.31"]
[SourceVersion "1"]
[SourceVersionDate "2023.05.31"]
[SourceQuality "1"]

1. c4 c5 2. Nc3 Nf6 3. e4 d6 4. Nge2 b6 5. d3 Bb7 6. g3 e6 7. Bg2 Nbd7 8. 0-0 a6 9. a3 Qc7 10. Rb1 Be7 11. Bg5 Rc8 12. f4 h6 13. Bxf6 Nxf6 14. h3 0-0 15. f5 exf5 16. Nd5 Nxd5 17. exd5 g6 18. Qd2 Kg7 19. Nf4 Rce8 20. h4 Bc8 21. Bh3 Bf6 22. Kh2 Re5 23. Ng2 Rfe8 24. Rfe1 Qe7 25. Rxe5 Bxe5 26. Re1 Qf6 27. Nf4 Bxf4 28. gxf4 Rxe1 29. Qxe1 Qxb2+ 30. Bg2 Qd4 31. Qg3 Bd7 32. h5 b5 33. cxb5 axb5 34. Qf3 b4 35. axb4 cxb4 36. Qf1 b3 37. hxg6 fxg6 38. Qe1 Qxf4+ 39. Kg1 Qe5 40. Qb4 b2 41. Qb7 Kf6 0-1

[Event "Gran Canaria op Seniors"]
[Site "Gran Canaria"]
[Date "2019.02.14"]
[Round "3"]
[White "Gonzalez Acosta, Francisco"]
[Black "Segura Acosta, Rafael"]
[Result "1-0"]
[WhiteElo "1623"]
[BlackElo "1101"]
[PlyCount "79"]
[EventDate "2019.02.07"]
[EventType "swiss"]
[EventRounds "7"]
[EventCountry "ESP"]
[SourceTitle "CBM 189 Extra"]
[Source "ChessBase"]
[SourceDate "2019.06.03"]
[SourceVersion "1"]
[SourceVersionDate "2019.06.03"]
[SourceQuality "1"]

1. c4 Nf6 2. Nc3 g6 3. g3 Bg7 4. Bg2 0-0 5. Nf3 d6 6. 0-0 c5 7. d3 Nc6 8. a3 Nd7 9. e3 Nde5 10. Nxe5 Nxe5 11. f4 Nc6 12. Rb1 Rb8 13. Qd2 Bf5 14. b4 Qd7 15. b5 Nd8 16. Bb2 e5 17. fxe5 Bxe5 18. Nd5 f6 19. Bxe5 dxe5 20. e4 Be6 21. Nxf6+ Rxf6 22. Rxf6 Bxc4 23. Bf1 Ne6 24. Qc3 Qe7 25. Rf2 Rf8 26. Rxf8+ Qxf8 27. Qxc4 Qd6 28. Bh3 Qd4+ 29. Qxd4 Nxd4 30. Kf2 b6 31. Bf1 Kf7 32. Be2 h6 33. Bd1 Ke6 34. Bb3+ Kd6 35. Bc4 Nc2 36. Rf1 Nxa3 37. Ra1 Nxc4 38. dxc4 Kc7 39. Rxa7+ Kb8 40. Rg7 1-0

[Event "Gran Canaria Galdos op 2nd"]
[Site "Gran Canaria"]
[Date "2017.05.03"]
[Round "1"]
[White "Gamia Sunday, Cristobal"]
[Black "Segura Acosta, Rafael"]
[Result "1-0"]
[WhiteElo "1548"]
[BlackElo "1101"]
[PlyCount "103"]
[EventDate "2017.05.03"]
[EventType "swiss"]
[EventRounds "5"]
[EventCountry "ESP"]
[SourceTitle "CBM 178 Extra"]
[Source "ChessBase"]
[SourceDate "2017.06.22"]
[SourceVersion "1"]
[SourceVersionDate "2017.06.22"]
[SourceQuality "1"]

1. d4 Nf6 2. c4 d5 3. Nc3 e6 4. Nf3 c5 5. Bg5 h6 6. Bh4 Nc6 7. e3 Be7 8. Bxf6 Bxf6 9. cxd5 exd5 10. Bb5 a6 11. Bxc6+ bxc6 12. dxc5 Qa5 13. Nd4 Qxc5 14. Rc1 Bd7 15. Ne4 Qb4+ 16. Qd2 Qxd2+ 17. Nxd2 Rc8 18. N2b3 Bxd4 19. Nxd4 0-0 20. Rc5 Rb8 21. b3 Rb6 22. a4 Re8 23. Kd2 Rc8 24. Re1 Rb4 25. Kc3 Rb6 26. e4 Re8 27. a5 Rbb8 28. Nxc6 Bxc6 29. Rxc6 Rbc8 30. Rxc8 Rxc8+ 31. Kd4 dxe4 32. Rxe4 Rc2 33. Rf4 Ra2 34. b4 g5 35. Rf3 Rd2+ 36. Kc5 Kg7 37. Kb6 Rd6+ 38. Kc7 Rg6 39. Rc3 Rf6 40. f3 Rf4 41. Rb3 Rc4+ 42. Kb7 Rc2 43. Kxa6 Rxg2 44. b5 Rd2 45. b6 Rd6 46. Ka7 f5 47. b7 Rd7 48. Ka8 Rd8+ 49. b8Q Rxb8+ 50. Kxb8 g4 51. a6 gxf3 52. Rxf3 1-0